01176cam a22003255a 4500999001700000001001000017003000400027005001700031008004100048020001800089040004500107082001900152100003800171245004900209264003400258264001000292300002300302336002600325337002800351338002700379500007600406650003700482650005200519650004200571651001000613653002600623655002400649942001200673952016500685 c21916d21888016252071OSt20210130123659.0130114t2013 enk f 000 1 eng d a9781408842430 aStDuBDSbengerdacStDuBDSdUkdEG-ScBUE04a813.6bHOS2221 aHosseini, Khaled,eauthor.91402610aAnd the mountains echoed /cKhaled Hosseini. 1aLondon :bBloomsbury,c[2013] 1cc2013 a404 pages ;c24 cm 2rdacontentatextbtxt 2rdamediaaunmediatedbn 2rdacarrieravolumebnc aThe bestselling author of the kite runner and a thousand splendid suns. 7aFamiliesvFiction.2BUEsh914027 7928498aInterpersonal relationsvFiction.2BUEsh 7aBrothers and sistersvFiction.2BUEsh 2BUEsh cJune2016dBestSellers vReading book934232 2ddccBB 00102ddc40708ILBaMAINbMAINc2NDd2016-06-19ePurchaseg176.00h8263l10m20o813.6 HOSp000032722r2025-10-08 00:00:00s2025-09-08v220.00w2016-06-19yBB